LEADER 01687nam2 2200409 i 450 001 PIS0059954 005 20251003044309.0 010 $a9788832139013 020 $aIT$b2019-10351 100 $a20200123d2019 ||||0itac50 ba 101 | $aita 102 $ait 181 1$6z01$ai $bxxxe 182 1$6z01$an 183 1$6z01$anc$2RDAcarrier 200 1 $aˆ6: ‰Scritti sull'agricoltura e sul territorio$fLuigi Einaudi$ga cura di Alberto Giordano 210 $aTorino$cFondazione Luigi Einaudi$d2019 215 $aVIII, 551 p.$c1 ritratto$d25 cm 461 1$1001UTO1303961$12001 $aEdizione nazionale degli scritti$fLuigi Einaudi$v6 606 $aEconomia agraria$2FIR$3CFIC007530$9E 606 $aItalia$xPolitica agraria$xSec. 19.-20.$2FIR$3IEIC421286$9E 676 $a330.08$9Economia. Collezioni$v22 676 $a333.00945$9ECONOMIA DELLA TERRA IN ITALIA$v20 676 $a338.1$9AGRICOLTURA$v23 696 $aEconomia agricola 699 $aEconomia agraria$yEconomia agricola 700 1$aEinaudi$b, Luigi$3CFIV026671$4070$0319569 702 1$aGiordano$b, Alberto$f <1976- >$3TO0V592999$4340 790 0$aJunius$3TO0V504803$zEinaudi, Luigi 790 0$aVeterano$3TO0V536170$zEinaudi, Luigi 801 3$aIT$bIT-000000$c20200123 850 $aIT-BN0095 $aIT-NA0079 $aIT-NA0070 $aIT-NA0120 912 $aPIS0059954 950 2$aBiblioteca Centralizzata di Ateneo$d 01BCA SC. SOCIAL 366$e 01 0000006705 VMA 1 v.$fB $h20210909$i20210909 977 $a 01$a BN$a BU$a CR 996 $aScritti sull'agricoltura e sul territorio$91730138 997 $aUNISANNIO